AN INTRODUCTION TO CHEMICAL THERMODYNAMICS (Record no. 9239)

MARC details
000 -LEADER
fixed length control field 00688nam a22001697a 4500
003 - CONTROL NUMBER IDENTIFIER
control field SGT
020 ## - INTERNATIONAL STANDARD BOOK NUMBER
International Standard Book Number 9780706999358
082 ## - DEWEY DECIMAL CLASSIFICATION NUMBER
Classification number 541.36,MIS
100 ## - MAIN ENTRY--PERSONAL NAME
Personal name RASTOGI R P
245 ## - TITLE STATEMENT
Title AN INTRODUCTION TO CHEMICAL THERMODYNAMICS
250 ## - EDITION STATEMENT
Edition statement 6TH
260 ## - PUBLICATION, DISTRIBUTION, ETC. (IMPRINT)
Place of publication, distribution, etc NEW DELHI
Name of publisher, distributor, etc VIKAS
Year of Publication 2014
300 ## - PAGE DESCRIPTION
No. of Pages 626
650 ## - SUBJECT ADDED ENTRY--TOPICAL TERM
Topical term or geographic name as entry element THERMO CHEMISTRY & THERMODYNAMICS
653 ## - KEYWORDS--INDEX TERM
Keyword term Fundamental Concepts, The First Law of Thermodynamics, Thermo-chemistry, The Second Law of Thermodynamics, Free Energy Functions, Statistical Thermodynamics, System of Variable Composition, Chemical Equilibria, The Phase Rule, Non-Equilibrium States: Linear Thermodynamics of Irreversible Processes.
942 ## - ADDED ENTRY ELEMENTS (KOHA)
Source of classification or shelving scheme Dewey Decimal Classification
Koha item type FPS Books
Holdings
Withdrawn status Lost status Source of classification or shelving scheme Damaged status Not for loan Home library Current library Shelving location Date acquired Vendor Name Cost, normal purchase price SGTU Bill Number Total Checkouts Full call number Accession No. (Barcode) Date last seen Date last borrowed Bill Date Koha item type
    Dewey Decimal Classification     SGT Science & Social Sciences Library SGT Science & Social Sciences Library Text Book 25/06/2016 SPARSH BOOK GALLERY 450.00 SGTU 1294 5 541.36,MIS PS574 10/04/2021 08/04/2021 26/11/2014 FPS Books
    Dewey Decimal Classification     SGT Science & Social Sciences Library SGT Science & Social Sciences Library Text Book 25/06/2016 SPARSH BOOK GALLERY 450.00 SGTU 1294 3 541.36,MIS PS575 02/03/2021 27/01/2021 26/11/2014 FPS Books